[Event "Tournoi Skype 012A"]
[Site "Skype"]
[Date "????.??.??"]
[Round "2.10"]
[White "Brun, Jacques"]
[Black "Rajpurohit, Dinesh"]
[Result "1/2-1/2"]
[WhiteElo "1783"]
[BlackElo "1626"]
[PlyCount "110"]

1. e4 c5 2. Nf3 Nc6 3. Be2 Nf6 4. e5 Ng4 5. b4 Ngxe5 6. Nxe5 Nxb4 7. c3 Qc7 8.
Nf3 Nc6 9. d4 cxd4 10. cxd4 Nb4 11. Bd3 Nxd3+ 12. Ke2 Nxc1+ 13. Qxc1 Qd8 14.
Nc3 d5 15. Nb5 e6 16. Nc7+ Ke7 17. Nxa8 Bd7 18. Nc7 Bc6 19. Qf4 f6 20. Rhe1 Kd7
21. Nxe6 Kxe6 22. Kf1+ Kd7 23. Rac1 Bd6 24. Qg4+ Kc7 25. Qf5 Kb8 26. Qb1 Ka8
27. Rc3 Qd7 28. Kg1 Re8 29. Rxe8+ Qxe8 30. Re3 Qg8 31. Rb3 g5 32. a4 Qf7 33. a5
a6 34. Qf5 Bd7 35. Qb1 Bc6 36. h3 Qc7 37. Qe1 Bd7 38. Rc3 Qd8 39. Qc1 Qxa5 40.
Rc2 Qd8 41. Ra2 h6 42. Qc2 h5 43. Qd3 Qc8 44. Rc2 Qd8 45. Ra2 Qb6 46. Ra1 a5
47. Rb1 Qd8 48. Qd2 a4 49. Qb2 Bc6 50. Qc3 g4 51. hxg4 hxg4 52. Ne1 Qh8 53. g3
Qh7 54. Qa5+ Kb8 55. Qd8+ Ka7 1/2-1/2

[Event "Tournoi Skype 012A"]
[Site "Skype"]
[Date "????.??.??"]
[Round "2.11"]
[White "Meyer, Eric"]
[Black "Khatanhar, Mohit"]
[Result "1-0"]
[WhiteElo "1741"]
[BlackElo "1420"]
[PlyCount "37"]

1. d4 d5 2. c4 dxc4 3. Nc3 e6 4. e4 c5 5. Nf3 cxd4 6. Nxd4 Bc5 7. Qa4+ Bd7 8.
Qxc4 Bxd4 9. Qxd4 f6 10. Be3 Ne7 11. O-O-O Nbc6 12. Qd6 e5 13. Bc4 Nb4 14. Qxb4
b6 15. Be6 Nc6 16. Qd6 Nb8 17. Qd5 Nc6 18. Qxd7+ Qxd7 19. Bxd7+ 1-0

[Event "Tournoi Skype 012A"]
[Site "Skype"]
[Date "????.??.??"]
[Round "2.15"]
[White "Patra Kumar, Subhendu"]
[Black "Chaignet, Lucas"]
[Result "1-0"]
[WhiteElo "1579"]
[BlackElo "1711"]
[PlyCount "97"]

1. e4 e5 2. Nf3 Nc6 3. Bc4 Bc5 4. O-O Nf6 5. d4 exd4 6. e5 d5 7. exf6 dxc4 8.
fxg7 Rg8 9. Re1+ Be6 10. Bg5 Be7 11. Bxe7 Kxe7 12. Re4 d3 13. Nbd2 b5 14. a4 a6
15. axb5 axb5 16. Rxa8 Qxa8 17. cxd3 cxd3 18. Nb3 Qd8 19. Nbd4 Qd5 20. Qxd3
Rxg7 21. Re3 Nxd4 22. Qxd4 Qxd4 23. Nxd4 Rg5 24. f4 Rd5 25. Re4 Kd6 26. Nxe6
fxe6 27. Kf2 Rd2+ 28. Re2 Rxe2+ 29. Kxe2 Kd5 30. Kd3 c5 31. b3 c4+ 32. bxc4+
bxc4+ 33. Kc3 Ke4 34. g3 Kf3 35. Kxc4 Kg2 36. g4 Kxh2 37. f5 exf5 38. gxf5 h5
39. f6 h4 40. f7 h3 41. f8=Q Kg2 42. Qg7+ Kf3 43. Qf6+ Kg3 44. Qg5+ Kf3 45. Qh4
Kg2 46. Kd3 h2 47. Ke2 h1=Q 48. Qg4+ Kh2 49. Kf2 1-0

[Event "Tournoi Skype 012A"]
[Site "Skype"]
[Date "????.??.??"]
[Round "2.17"]
[White "Karia, Vijay"]
[Black "Deville, Olivier"]
[Result "1-0"]
[WhiteElo "1499"]
[BlackElo "1958"]
[PlyCount "61"]

1. e4 c5 2. Nf3 d6 3. Bc4 e6 4. Nc3 Nc6 5. O-O Nf6 6. d3 Be7 7. Bb5 Bd7 8. Re1
O-O 9. Bxc6 Bxc6 10. d4 Qc7 11. e5 Nd5 12. Ne4 dxe5 13. dxe5 Rad8 14. Qe2 a6
15. a3 b5 16. Bg5 c4 17. c3 h6 18. Bd2 Nb6 19. Nd4 Bd5 20. Ng3 Qb7 21. Qg4 Kh8
22. Qh3 Kh7 23. Re3 Nd7 24. Rae1 Nc5 25. Nh5 Rfe8 26. Rg3 Bf8 27. Qg4 g6 28.
Nf6+ Kh8 29. Qh4 Ne4 30. Rxe4 Bxe4 31. Bxh6 1-0

[Event "Tournoi Skype 012A"]
[Site "Skype"]
[Date "????.??.??"]
[Round "2.18"]
[White "Le Brun, Yves"]
[Black "Malbec, Robert"]
[Result "1-0"]
[WhiteElo "1628"]
[BlackElo "1518"]
[PlyCount "71"]

1. d4 d5 2. c4 Nf6 3. Nc3 c6 4. Nf3 Bg4 5. e3 e6 6. Be2 Bb4 7. Bd2 O-O 8. O-O
Bxf3 9. Bxf3 dxc4 10. a3 Ba5 11. b4 cxb3 12. Qxb3 b5 13. Rfd1 Qd6 14. a4 b4 15.
Na2 Bc7 16. g3 a5 17. Rac1 Re8 18. Qc4 Ra6 19. Rc2 Rc8 20. Nc1 h5 21. e4 Qd7
22. Nb3 Bb6 23. e5 Nd5 24. Bxh5 g6 25. Bf3 Kg7 26. Bg5 f6 27. exf6+ Nxf6 28.
Be3 Nd5 29. Nc5 Bxc5 30. dxc5 Qf7 31. Bd4+ Kh7 32. Bg4 Ra7 33. Bb2 Re8 34. Bxe6
Rxe6 35. Qh4+ Kg8 36. Qh8# 1-0

[Event "Tournoi Skype 012A"]
[Site "Skype"]
[Date "????.??.??"]
[Round "2.19"]
[White "Engstrom, Olle"]
[Black "Meaney, Mike"]
[Result "1-0"]
[WhiteElo "1600"]
[BlackElo "1508"]
[PlyCount "75"]

1. e4 e5 2. Nf3 Nc6 3. Bb5 a6 4. Ba4 Nf6 5. O-O d6 6. Re1 Bg4 7. Bxc6+ bxc6 8.
c3 Be7 9. d4 O-O 10. Nbd2 Nd7 11. h3 Bh5 12. Nf1 Bf6 13. Be3 Re8 14. Ng3 Bg6
15. Qd2 h6 16. Rad1 Nb6 17. b3 d5 18. dxe5 dxe4 19. Qxd8 Bxd8 20. Nd4 Rxe5 21.
Nxc6 Re8 22. Bf4 f6 23. Nxd8 Re7 24. Nc6 Re6 25. Rd8+ Rxd8 26. Nxd8 Re7 27. Nc6
Rd7 28. Nd4 Nd5 29. Bd2 Ne7 30. b4 f5 31. Bf4 c6 32. Nb3 Nd5 33. Nc5 Ra7 34.
Be5 Bf7 35. Nxf5 Bg6 36. Nd6 Re7 37. Bd4 Rc7 38. Nxa6 1-0

[Event "Tournoi Skype 012A"]
[Site "Skype"]
[Date "????.??.??"]
[Round "2.20"]
[White "Galani, Mahendra"]
[Black "Dubois, Real"]
[Result "1-0"]
[WhiteElo "1492"]
[BlackElo "1560"]
[PlyCount "43"]

1. e4 e5 2. Nf3 d6 3. h3 Nf6 4. Nc3 Be7 5. d3 Nbd7 6. Nb5 a6 7. Nc3 b6 8. Nh4
Nc5 9. Qf3 Be6 10. Nf5 Bxf5 11. exf5 Qc8 12. Ne2 Qb7 13. Qg3 O-O 14. Bh6 Ne8
15. Qg4 Bf6 16. Ng3 Kh8 17. Be3 Qc8 18. h4 g6 19. h5 Rg8 20. hxg6 fxg6 21. Qh3
Bg7 22. Qxh7# 1-0

[Event "Tournoi Skype 012A"]
[Site "Skype"]
[Date "????.??.??"]
[Round "2.21"]
[White "Talbot, Jacques"]
[Black "Fouquereau, Andre"]
[Result "0-1"]
[WhiteElo "1454"]
[BlackElo "1557"]
[PlyCount "26"]

1. e4 e5 2. Nf3 d6 3. d4 exd4 4. Nxd4 Nf6 5. Bg5 Be7 6. Nc3 c6 7. h3 h6 8. Bh4
Nbd7 9. Nf5 O-O 10. Nxd6 Bxd6 11. Qxd6 Nxe4 12. Bxd8 Nxd6 13. Be7 Re8 0-1

[Event "Tournoi Skype 012A"]
[Site "Skype"]
[Date "????.??.??"]
[Round "2.22"]
[White "Grimwood, Robert"]
[Black "Duthoit, Bernard"]
[Result "1-0"]
[WhiteElo "1550"]
[BlackElo "1506"]
[PlyCount "35"]

1. e4 e6 2. d4 d5 3. Nd2 dxe4 4. Nxe4 Nc6 5. Nf3 Be7 6. Bc4 Nf6 7. Nxf6+ Bxf6
8. c3 O-O 9. O-O a6 10. a4 Bd7 11. Bb3 b5 12. Bf4 b4 13. Re1 a5 14. Rc1 Ne7 15.
cxb4 Nd5 16. Bxd5 exd5 17. Bxc7 Qe7 18. Rxe7 1-0

[Event "Tournoi Skype 012A"]
[Site "Skype"]
[Date "????.??.??"]
[Round "2.23"]
[White "De Coninck, Philippe"]
[Black "Mulrooney, Justin"]
[Result "1-0"]
[WhiteElo "1420"]
[BlackElo "1550"]
[PlyCount "79"]

1. e4 e6 2. d4 d5 3. e5 c5 4. c3 Bd7 5. Nf3 Nc6 6. Be2 cxd4 7. cxd4 Nge7 8. Nc3
Ng6 9. a3 Be7 10. Bd3 a6 11. Bxg6 hxg6 12. Bf4 f6 13. exf6 gxf6 14. Rc1 Rc8 15.
Na4 Kf7 16. Nc5 Bxc5 17. Rxc5 b6 18. Rc3 Na5 19. Rxc8 Qxc8 20. b3 Qc3+ 21. Bd2
Qxb3 22. Bxa5 Qxd1+ 23. Kxd1 bxa5 24. Ke2 Bb5+ 25. Kd2 Rc8 26. h4 a4 27. g4 Ke7
28. h5 Bc4 29. hxg6 Rg8 30. Rh7+ Kf8 31. Rf7+ Ke8 32. Rxf6 Ke7 33. Rf7+ Kd6 34.
Ne5 Bb5 35. f4 Be8 36. Rf6 Ke7 37. g5 Bb5 38. Rf7+ Kd6 39. g7 Be8 40. Rf8 1-0

[Event "Tournoi Skype 012A"]
[Site "Skype"]
[Date "????.??.??"]
[Round "2.24"]
[White "Trivedi, Viral"]
[Black "Ergin, Ahmet"]
[Result "0-1"]
[WhiteElo "1542"]
[BlackElo "1499"]
[PlyCount "40"]

1. e4 e5 2. Bc4 Nf6 3. d3 Bc5 4. c3 Nc6 5. Bg5 d5 6. exd5 Ne7 7. Bxf6 gxf6 8.
Qa4+ Bd7 9. Bb5 c6 10. dxc6 Bxc6 11. Bxc6+ Nxc6 12. Qh4 Qxd3 13. Nd2 O-O-O 14.
Ngf3 e4 15. Nxe4 Rhe8 16. Qg4+ Rd7 17. Nfd2 Qxd2+ 18. Kf1 Rxe4 19. Qg3 Qd1+ 20.
Rxd1 Rxd1# 0-1

[Event "Tournoi Skype 012A"]
[Site "Skype"]
[Date "????.??.??"]
[Round "2.25"]
[White "Belouin, Alexis"]
[Black "Gieschen, Mike"]
[Result "1-0"]
[WhiteElo "1402"]
[BlackElo "1538"]
[PlyCount "97"]

1. d4 e6 2. g3 Nf6 3. Bg2 d5 4. Bd2 c5 5. e3 Nc6 6. dxc5 Bxc5 7. Nf3 Qb6 8. Bc3
Bb4 9. a3 Bxc3+ 10. Nxc3 Qxb2 11. Ne2 Ne4 12. O-O O-O 13. Nfd4 Nxd4 14. Nxd4
Nc3 15. Qd2 b6 16. a4 Bb7 17. Qd3 e5 18. Nb5 Nxb5 19. Rfb1 e4 20. Qxb5 Qxb5 21.
Rxb5 Rfc8 22. Ra2 f5 23. Rab2 Rab8 24. a5 Bc6 25. R5b3 b5 26. Bf1 a6 27. c4
dxc4 28. Bxc4+ Kf8 29. Be6 Rd8 30. Bxf5 g6 31. Bh3 Rd1+ 32. Bf1 Ra1 33. Rc2 Ba8
34. Rbc3 Bb7 35. Rc7 Kg8 36. h4 Rxa5 37. Kh2 h5 38. R2c5 Ra2 39. Kg2 Rb2 40.
Rg5 Kf8 41. Rxg6 Bd5 42. Rh6 Rb7 43. Rc8+ Kg7 44. Rxh5 a5 45. Rxd5 a4 46. Ra8
Rb3 47. Bxb5 R7xb5 48. Rxb5 Rxb5 49. Rxa4 1-0

[Event "Tournoi Skype 012A"]
[Site "Skype"]
[Date "????.??.??"]
[Round "2.26"]
[White "L'Herbon De Lussats, Jean"]
[Black "Holtz, Steve"]
[Result "1-0"]
[WhiteElo "1525"]
[BlackElo "1494"]
[PlyCount "53"]

1. d4 Nf6 2. c4 d5 3. cxd5 Nxd5 4. e4 Nb6 5. Nc3 Nc6 6. Nf3 Bg4 7. Be2 Bxf3 8.
Bxf3 Nxd4 9. Be3 e5 10. a3 Bc5 11. O-O c6 12. b4 Be7 13. Ne2 Nxf3+ 14. gxf3 Qc8
15. Ng3 g6 16. Rc1 a6 17. f4 Nd7 18. f5 gxf5 19. Nxf5 Nf6 20. f3 Rg8+ 21. Kf2
Nd5 22. Rg1 Rxg1 23. Qxg1 Nxe3 24. Kxe3 Kd7 25. Rd1+ Ke6 26. Ng7+ Kf6 27. Nh5+
1-0

[Event "Tournoi Skype 012A"]
[Site "Skype"]
[Date "????.??.??"]
[Round "2.27"]
[White "Loyarte, Frederic"]
[Black "Antonic, Nenad"]
[Result "1-0"]
[WhiteElo "1519"]
[BlackElo "1489"]
[PlyCount "125"]

1. d4 d5 2. c4 Nf6 3. Nc3 Nc6 4. e3 e5 5. cxd5 Nxd5 6. Bc4 Bb4 7. Qb3 Bxc3+ 8.
bxc3 Qd7 9. Bxd5 Na5 10. Bxf7+ Qxf7 11. Qxf7+ Kxf7 12. dxe5 Re8 13. f4 b6 14.
Nf3 Ba6 15. Ng5+ Kg8 16. Kf2 Rad8 17. Ne4 Nc6 18. Ba3 Rd7 19. Rhd1 Red8 20. Ke1
Bd3 21. e6 Rd5 22. e7 Re8 23. Nf2 Bc4 24. Rxd5 Bxd5 25. e4 Bc4 26. Rd1 Nxe7 27.
Bxe7 Rxe7 28. a3 Bb3 29. Rd8+ Kf7 30. e5 Bc2 31. Kd2 Bf5 32. g4 Rd7+ 33. Rxd7+
Bxd7 34. f5 g6 35. e6+ Bxe6 36. fxe6+ Kxe6 37. Kd3 Ke5 38. Ne4 h6 39. h4 Kf4
40. Nf6 g5 41. hxg5 Kxg5 42. Ne8 c5 43. Kc4 Kxg4 44. Kb5 h5 45. Nf6+ Kg5 46.
Nxh5 Kxh5 47. Ka6 Kg4 48. Kxa7 Kf4 49. Kxb6 c4 50. Kb5 Ke5 51. Kxc4 Kd6 52. a4
Kc6 53. Kb4 Kb6 54. c4 Kb7 55. Kb5 Kb8 56. Kb6 Ka8 57. c5 Kb8 58. a5 Ka8 59. c6
Kb8 60. a6 Ka8 61. Kc7 Ka7 62. Kd7 Kxa6 63. c7 1-0

[Event "Tournoi Skype 012A"]
[Site "Skype"]
[Date "????.??.??"]
[Round "3.2"]
[White "Hilton, Stephen"]
[Black "Ayotte, Jocelyn"]
[Result "0-1"]
[WhiteElo "1892"]
[BlackElo "2037"]
[PlyCount "36"]

1. d4 d5 2. c4 Nf6 3. Nf3 e6 4. Bg5 c6 5. Nc3 Nbd7 6. e3 Bb4 7. Qc2 Qa5 8. Nd2
dxc4 9. Bxf6 Nxf6 10. Nxc4 Qg5 11. O-O-O Bxc3 12. bxc3 O-O 13. Bd3 h6 14. f4
Qd5 15. Ne5 c5 16. Bc4 Qe4 17. Bd3 Qxe3+ 18. Kb1 cxd4 0-1

[Event "Tournoi Skype 012A"]
[Site "Skype"]
[Date "????.??.??"]
[Round "3.3"]
[White "Lambert, Pierre"]
[Black "Salazar Ticeran, Antonio"]
[Result "0-1"]
[WhiteElo "1938"]
[BlackElo "1841"]
[PlyCount "42"]

1. e4 c5 2. Nf3 d6 3. Bb5+ Bd7 4. Bxd7+ Nxd7 5. O-O g6 6. Re1 Bg7 7. d4 Ngf6 8.
Nc3 O-O 9. h3 a6 10. Bg5 cxd4 11. Nxd4 Qb6 12. Na4 Qa5 13. Bxf6 Bxf6 14. c3 b5
15. b4 Qxa4 16. Qd2 Rac8 17. Re3 Bg5 18. Nb3 Rc4 19. Qe2 Bxe3 20. Qxe3 Rfc8 21.
Qa7 R4c7 0-1

[Event "Tournoi Skype 012A"]
[Site "Skype"]
[Date "????.??.??"]
[Round "3.4"]
[White "Mishra, Om"]
[Black "Rico Hernandez, Edgar"]
[Result "1-0"]
[WhiteElo "1560"]
[BlackElo "1904"]
[PlyCount "95"]

1. e4 d6 2. d4 Nf6 3. Nc3 g6 4. Nf3 Bg7 5. Bc4 O-O 6. O-O Nbd7 7. e5 dxe5 8.
dxe5 Ng4 9. e6 Nde5 10. exf7+ Nxf7 11. Ng5 Nge5 12. Nxf7 Nxf7 13. Qxd8 Rxd8 14.
Bg5 Bf6 15. Bxf6 exf6 16. Nd5 c6 17. Nxf6+ Kg7 18. Bxf7 Kxf6 19. Bb3 Bf5 20.
Rad1 Rxd1 21. Rxd1 Re8 22. f3 h5 23. Kf2 Re7 24. Rd8 Ke5 25. Ke3 a6 26. Rf8 Rd7
27. c3 Rd3+ 28. Ke2 Rd7 29. Bc4 Bc2 30. Re8+ Kf6 31. Re6+ Kg7 32. Re3 Bd1+ 33.
Ke1 Bc2 34. Re2 Bf5 35. Be6 Bxe6 36. Rxe6 Kf7 37. Re4 Kf6 38. Rd4 Rxd4 39. cxd4
Ke6 40. Kd2 Kd5 41. Kd3 b5 42. b4 g5 43. g3 Kd6 44. f4 gxf4 45. gxf4 Ke6 46.
Ke4 h4 47. h3 Kf6 48. f5 1-0

[Event "Tournoi Skype 012A"]
[Site "Skype"]
[Date "????.??.??"]
[Round "3.5"]
[White "Torres Renjifo, Saulo De Jesus"]
[Black "Meyer, Eric"]
[Result "1-0"]
[WhiteElo "1897"]
[BlackElo "1741"]
[PlyCount "63"]

1. e4 Nf6 2. e5 Nd5 3. d4 d6 4. Nf3 Nc6 5. c4 Nb6 6. e6 fxe6 7. Nc3 Nd7 8. Be2
g6 9. d5 exd5 10. cxd5 Nce5 11. Nd4 Nf6 12. f4 Nf7 13. Ne6 Bxe6 14. dxe6 Nh6
15. g4 Nfg8 16. Qd4 Nf6 17. g5 Nf5 18. gxf6 exf6 19. Qb4 Qc8 20. Ne4 Be7 21.
Ng3 Ng7 22. f5 c6 23. Bh6 O-O 24. O-O-O Re8 25. Qg4 g5 26. h4 Qd8 27. Bxg7 Kxg7
28. hxg5 fxg5 29. Rxh7+ Kxh7 30. Qh5+ Kg8 31. Qg6+ Kf8 32. Qf7# 1-0

[Event "Tournoi Skype 012A"]
[Site "Skype"]
[Date "????.??.??"]
[Round "3.6"]
[White "Patra Kumar, Subhendu"]
[Black "Hervais, Adrien"]
[Result "0-1"]
[WhiteElo "1579"]
[BlackElo "2074"]
[PlyCount "34"]

1. e4 e6 2. d4 d5 3. Nc3 Nf6 4. Bg5 Bb4 5. exd5 Qxd5 6. Bxf6 Bxc3+ 7. bxc3 gxf6
8. Nf3 a6 9. g3 Bd7 10. Bg2 Bc6 11. Nh4 Qa5 12. Bxc6+ Nxc6 13. Qd3 O-O-O 14.
O-O Ne5 15. Qe2 Ng6 16. Nxg6 hxg6 17. h4 Qxc3 0-1

[Event "Tournoi Skype 012A"]
[Site "Skype"]
[Date "????.??.??"]
[Round "3.8"]
[White "Brun, Jacques"]
[Black "Hague, Mark"]
[Result "1-0"]
[WhiteElo "1783"]
[BlackElo "1448"]
[PlyCount "107"]

1. e4 c6 2. d4 d5 3. exd5 cxd5 4. c4 e6 5. Nc3 Nf6 6. Bg5 Be7 7. Nf3 dxc4 8.
Bxc4 Nbd7 9. O-O h6 10. Bh4 O-O 11. Re1 a6 12. a3 b5 13. Bd3 Bb7 14. Rc1 Rc8
15. Ne5 Nxe5 16. dxe5 Nd5 17. Bxe7 Qxe7 18. Ne4 Rfd8 19. Rxc8 Rxc8 20. Nd6 Rd8
21. Nxb7 Qxb7 22. Qf3 Qd7 23. h3 Kf8 24. Rd1 Qc7 25. Qe4 g6 26. Qf3 Kg7 27. Qe4
Ne7 28. Bc2 Rxd1+ 29. Bxd1 Nc6 30. f4 Qd7 31. Bf3 Nd4 32. Kf2 h5 33. Qb7 Qxb7
34. Bxb7 a5 35. Be4 b4 36. axb4 axb4 37. Ke3 Nb3 38. Bc2 Na1 39. Bd1 f6 40. Kd3
fxe5 41. fxe5 g5 42. g4 hxg4 43. hxg4 Kf7 44. Kc4 b3 45. Bxb3 Nxb3 46. Kxb3 Ke7
47. Kb4 Kd7 48. Kb5 Kc7 49. Kc5 Kd7 50. Kb6 Kd8 51. Kc6 Ke7 52. Kc7 Ke8 53. Kd6
Kf7 54. Kd7 1-0

[Event "Tournoi Skype 012A"]
[Site "Skype"]
[Date "????.??.??"]
[Round "3.9"]
[White "Jacquelin, Norbert"]
[Black "Engstrom, Olle"]
[Result "1-0"]
[WhiteElo "1807"]
[BlackElo "1600"]
[PlyCount "23"]

1. e4 c5 2. Nc3 Nc6 3. g3 g6 4. Bg2 Bg7 5. d3 d6 6. Be3 e5 7. Nd5 Nge7 8. c3
Be6 9. Ne2 O-O 10. Qd2 Re8 11. Bg5 Qd7 12. Nf6+ 1-0

[Event "Tournoi Skype 012A"]
[Site "Skype"]
[Date "????.??.??"]
[Round "3.11"]
[White "Sharma, Mayank"]
[Black "Grimwood, Robert"]
[Result "1-0"]
[WhiteElo "1707"]
[BlackElo "1550"]
[PlyCount "51"]

1. e4 c5 2. Nf3 d6 3. d4 cxd4 4. Nxd4 Nf6 5. Nc3 a6 6. Bg5 e6 7. f4 Be7 8. Qe2
e5 9. Nf5 Bxf5 10. exf5 Nbd7 11. O-O-O h6 12. Bxf6 Bxf6 13. Ne4 Be7 14. Qd3 Qc7
15. Nxd6+ Bxd6 16. Qxd6 Qxd6 17. Rxd6 exf4 18. Bc4 Rd8 19. Re1+ Kf8 20. Bd5 Re8
21. Rxe8+ Kxe8 22. Bxb7 Ke7 23. Rd4 Nc5 24. Bf3 Rd8 25. Rxf4 Rc8 26. Kb1 1-0

[Event "Tournoi Skype 012A"]
[Site "Skype"]
[Date "????.??.??"]
[Round "3.12"]
[White "Parmar, Manoj"]
[Black "L'Herbon De Lussats, Jean"]
[Result "1-0"]
[WhiteElo "1689"]
[BlackElo "1525"]
[PlyCount "75"]

1. d4 c5 2. c3 cxd4 3. cxd4 d5 4. Nc3 Nc6 5. Bf4 Nf6 6. e3 e6 7. a3 Bd6 8. Bxd6
Qxd6 9. Nf3 O-O 10. Bd3 e5 11. dxe5 Nxe5 12. Nxe5 Qxe5 13. O-O Be6 14. Qd2 a6
15. Ne2 b5 16. Nd4 Rac8 17. Rac1 Ne4 18. Bxe4 dxe4 19. Nc6 Qf6 20. Qb4 Rfe8 21.
Rfe1 Bc4 22. Nd4 g6 23. Rc3 Qe7 24. Qa5 Qd6 25. Rec1 Ra8 26. b3 Bd3 27. Rc6 Qe5
28. Rxa6 Rxa6 29. Qxa6 b4 30. Qa4 bxa3 31. Qxa3 Qd5 32. Qc5 Qa8 33. g3 Rd8 34.
b4 Rd5 35. Qc3 Qd8 36. Ra1 Qd7 37. Ra8+ Kg7 38. Nf5# 1-0

[Event "Tournoi Skype 012A"]
[Site "Skype"]
[Date "????.??.??"]
[Round "3.14"]
[White "Casey, Eamonn"]
[Black "Loyarte, Frederic"]
[Result "1-0"]
[WhiteElo "1654"]
[BlackElo "1519"]
[PlyCount "103"]

1. d4 Nf6 2. c4 d6 3. Nc3 g6 4. e4 Bg7 5. Be2 O-O 6. Be3 c6 7. Qd2 e5 8. d5
cxd5 9. cxd5 Ne8 10. Nf3 f5 11. Bh6 f4 12. Bxg7 Nxg7 13. Rc1 Qa5 14. O-O Na6
15. a3 Qd8 16. Qc2 Bg4 17. b4 Rc8 18. Qa4 Bd7 19. Qb3 Nc7 20. Nd2 a6 21. Nc4
Nge8 22. Nb6 Rb8 23. Nxd7 Qxd7 24. Na4 b5 25. Nc3 Na8 26. Qd1 Nf6 27. h3 h5 28.
Bd3 g5 29. f3 h4 30. Qe2 Nh5 31. Qd2 Ng3 32. Rfe1 Rbc8 33. Ne2 Nxe2+ 34. Qxe2
Rxc1 35. Rxc1 Rc8 36. Rxc8+ Qxc8 37. Qc2 Qxc2 38. Bxc2 Nb6 39. Bb3 Nc4 40. Bxc4
bxc4 41. Kf2 Kf8 42. Ke2 Ke8 43. Kd2 Kd7 44. Kc3 Kc7 45. Kxc4 Kb6 46. a4 Kc7
47. a5 Kb7 48. b5 axb5+ 49. Kxb5 Kc7 50. a6 Kb8 51. Kb6 Ka8 52. Kc6 1-0

[Event "Tournoi Skype 012A"]
[Site "Skype"]
[Date "????.??.??"]
[Round "3.15"]
[White "Legueltel, Daniel"]
[Black "Karia, Vijay"]
[Result "1-0"]
[WhiteElo "1653"]
[BlackElo "1499"]
[PlyCount "77"]

1. d4 e5 2. dxe5 Nc6 3. Nf3 Qe7 4. e4 Qb4+ 5. Nc3 d6 6. a3 Qa5 7. b4 Nxb4 8.
Bd2 dxe5 9. axb4 Qxb4 10. Nxe5 Bd6 11. Nd3 Qd4 12. Ra4 Qb6 13. e5 Be7 14. Be2
Nh6 15. Bxh6 Qxh6 16. Bf3 c6 17. O-O O-O 18. Ne4 Rd8 19. Qe2 Bf5 20. Rd1 Re8
21. Rda1 a6 22. Nec5 Rab8 23. Rb1 Bxd3 24. Nxd3 Kh8 25. Be4 f6 26. f4 fxe5 27.
fxe5 Rf8 28. Rd4 c5 29. Rd7 c4 30. Rxe7 cxd3 31. Bxd3 a5 32. h3 b6 33. Bb5 Rf5
34. Rf1 Rg5 35. Qf3 g6 36. Qf6+ Kg8 37. Qe6+ Kh8 38. Re8+ Rxe8 39. Qxe8+ 1-0

[Event "Tournoi Skype 012A"]
[Site "Skype"]
[Date "????.??.??"]
[Round "3.16"]
[White "Janssen, Gerard"]
[Black "Galani, Mahendra"]
[Result "0-1"]
[WhiteElo "1652"]
[BlackElo "1492"]
[PlyCount "82"]

1. d4 d5 2. c4 e6 3. Nc3 h6 4. Nf3 Nf6 5. Qc2 Nc6 6. a3 Na5 7. c5 Nc6 8. e3 a6
9. b4 Na7 10. Bd3 b6 11. O-O c6 12. Ne5 Qc7 13. f4 Nb5 14. Na4 bxc5 15. Nxc5
Bxc5 16. Qxc5 Nd7 17. Nxc6 Nxc5 18. bxc5 Qxc6 19. a4 Nc3 20. a5 O-O 21. Bd2 Ne4
22. Bxe4 dxe4 23. Rfb1 Qd5 24. g4 Qc4 25. Kf2 f5 26. h3 fxg4 27. hxg4 e5 28. f5
Qc2 29. Ke1 Qc4 30. Rc1 Qd5 31. c6 Ra7 32. Rc5 Qd6 33. Bc3 exd4 34. Bxd4 Qg3+
35. Kd2 Qg2+ 36. Kc3 Qxg4 37. Rb1 Bxf5 38. Rxf5 Qxf5 39. Bxa7 Qxa5+ 40. Rb4
Qa3+ 41. Rb3 Qc1+ 0-1

[Event "Tournoi Skype 012A"]
[Site "Skype"]
[Date "????.??.??"]
[Round "3.17"]
[White "Khatanhar, Mohit"]
[Black "Bourdeau, Yvan"]
[Result "0-1"]
[WhiteElo "1420"]
[BlackElo "1647"]
[PlyCount "46"]

1. e4 c5 2. c4 Nc6 3. Nf3 g6 4. d3 Bg7 5. Be2 Qa5+ 6. Bd2 Qb6 7. Nc3 d6 8. b3
e6 9. Rb1 Nge7 10. Qc1 Nd4 11. O-O Bd7 12. Bh6 O-O 13. Bxg7 Kxg7 14. Qg5 f6 15.
Qh4 Rad8 16. h3 Qa5 17. a4 Qxc3 18. Rbe1 Nxe2+ 19. Rxe2 Qxb3 20. Nh2 e5 21. f4
Qxd3 22. Ref2 Qxe4 23. fxe5 Qxh4 0-1

[Event "Tournoi Skype 012A"]
[Site "Skype"]
[Date "????.??.??"]
[Round "3.19"]
[White "Ergin, Ahmet"]
[Black "Le Brun, Yves"]
[Result "1-0"]
[WhiteElo "1499"]
[BlackElo "1628"]
[PlyCount "57"]

1. e4 c5 2. d4 cxd4 3. c3 Nf6 4. e5 Nd5 5. Nf3 Nc6 6. cxd4 e6 7. Nc3 Bb4 8. Bd2
Qa5 9. a3 Bxc3 10. bxc3 Qd8 11. c4 Nc7 12. Bd3 O-O 13. O-O d6 14. Qc2 h6 15.
exd6 Ne8 16. c5 Qf6 17. Be3 g5 18. h3 Ng7 19. Rab1 Rb8 20. Bh7+ Kh8 21. Be4 Bd7
22. d5 exd5 23. Bxd5 Be6 24. Bxc6 bxc6 25. Rxb8 Rxb8 26. Bd4 Qd8 27. Ne5 Bd5
28. Ng4 h5 29. Nf6 1-0

[Event "Tournoi Skype 012A"]
[Site "Skype"]
[Date "????.??.??"]
[Round "3.20"]
[White "Chaignet, Lucas"]
[Black "De Coninck, Philippe"]
[Result "1-0"]
[WhiteElo "1711"]
[BlackElo "1420"]
[PlyCount "31"]

1. e4 e5 2. Nf3 Nc6 3. Bc4 Nf6 4. d4 exd4 5. e5 Qe7 6. O-O Qc5 7. Bb3 Ng4 8.
Bxf7+ Kxf7 9. Ng5+ Kg8 10. Qxg4 Nxe5 11. Qe4 Be7 12. Re1 d6 13. b4 Qxb4 14.
Qd5+ Kf8 15. Rxe5 dxe5 16. Qf7# 1-0

[Event "Tournoi Skype 012A"]
[Site "Skype"]
[Date "????.??.??"]
[Round "3.21"]
[White "Briere, Jean"]
[Black "Deville, Olivier"]
[Result "0-1"]
[WhiteElo "1519"]
[BlackElo "1958"]
[PlyCount "78"]

1. d4 Nf6 2. c4 e6 3. Nc3 Bb4 4. Qc2 c5 5. dxc5 O-O 6. Nf3 Na6 7. a3 Bxc3+ 8.
Qxc3 Nxc5 9. Bg5 Nce4 10. Bxf6 Nxf6 11. e3 b6 12. Bd3 Bb7 13. O-O Rc8 14. Qd2
Qc7 15. Rac1 Ng4 16. e4 f5 17. Rfe1 fxe4 18. Bxe4 Rxf3 19. Bxf3 Qxh2+ 20. Kf1
Bxf3 21. gxf3 Qh3+ 22. Ke2 Ne5 23. Qf4 d6 24. Rh1 Qf5 25. Qxf5 exf5 26. b3 Re8
27. Rhe1 Nxc4+ 28. Kd3 Rxe1 29. Rxe1 Ne5+ 30. Ke3 Kf7 31. Rh1 h6 32. Rh5 Kg6
33. Rh1 Kf6 34. f4 Nd7 35. b4 b5 36. Rd1 Ke6 37. Kd4 d5 38. Re1+ Kd6 39. Re5
Nxe5 0-1

[Event "Tournoi Skype 012A"]
[Site "Skype"]
[Date "????.??.??"]
[Round "3.22"]
[White "Meaney, Mike"]
[Black "Dubois, Real"]
[Result "1-0"]
[WhiteElo "1508"]
[BlackElo "1560"]
[PlyCount "47"]

1. e4 c5 2. Nf3 d6 3. Nc3 g6 4. Bc4 Bg7 5. d4 cxd4 6. Nxd4 e6 7. Be3 Ne7 8.
Ndb5 Be5 9. f4 Bxc3+ 10. Nxc3 Nbc6 11. Nb5 d5 12. exd5 Nxd5 13. Bxd5 exd5 14.
Qe2 Be6 15. O-O-O Qe7 16. h3 a6 17. Nc3 Rc8 18. Qf2 Nb4 19. a3 Nc6 20. Bc5 Qf6
21. Nxd5 Bxd5 22. Rxd5 Rd8 23. Re1+ Ne5 24. Rexe5+ 1-0

[Event "Tournoi Skype 012A"]
[Site "Skype"]
[Date "????.??.??"]
[Round "3.23"]
[White "Mulrooney, Justin"]
[Black "Duthoit, Bernard"]
[Result "1/2-1/2"]
[WhiteElo "1550"]
[BlackElo "1506"]
[PlyCount "137"]

1. d4 Nf6 2. c4 g6 3. Nc3 Bg7 4. e4 e6 5. Bg5 h6 6. Bh4 g5 7. Bg3 d6 8. Qc2 b6
9. O-O-O Bb7 10. Nf3 Nc6 11. a3 Ne7 12. h4 g4 13. Nh2 h5 14. f3 gxf3 15. Nxf3
Ng4 16. Bf4 Bh6 17. Ng5 Bxg5 18. hxg5 Ng6 19. Qd2 Qe7 20. e5 dxe5 21. Bxe5
N6xe5 22. dxe5 Rd8 23. Qf4 Rxd1+ 24. Nxd1 Qc5 25. Rh3 Qxe5 26. Qxe5 Nxe5 27.
Ne3 Ke7 28. Kc2 f6 29. gxf6+ Kxf6 30. g4 Bf3 31. gxh5 Rxh5 32. Rxh5 Bxh5 33.
Bh3 c5 34. Kc3 Nf3 35. b4 cxb4+ 36. axb4 e5 37. c5 bxc5 38. bxc5 Nd4 39. Kc4
Bf7+ 40. Kc3 a5 41. Ng4+ Ke6 42. Nh6+ Ke7 43. Nf5+ Nxf5 44. Bxf5 Be8 45. Be4 a4
46. Kb4 Kd8 47. Ka3 Kc7 48. Kb4 Bc6 49. Bd3 e4 50. Be2 e3 51. Ka3 Kd8 52. Bg4
Ke7 53. Be2 Kf6 54. Kb4 Ke5 55. Bd3 Kd4 56. Be2 a3 57. Kxa3 Kxc5 58. Kb3 Kd4
59. Kc2 Be4+ 60. Kd1 Kc3 61. Ke1 Bc2 62. Bf1 Bd3 63. Be2 Kc2 64. Bd1+ Kc3 65.
Be2 Bxe2 66. Kxe2 Kd4 67. Ke1 Kd3 68. Kd1 e2+ 69. Ke1 1/2-1/2